00457nam a2200181 a 4500001001300000003000900013005001700022008004100039020002300080082001300103100001600116245003800132260003500170300000900205500003500214505001000249650001600259nice12345678IN_TiNIC20260116013639.0050524s1995 dela grp 000 0 eng  a8174887 c35000a305bPRU aPruthi, Ran aPost-Independence India and Women aDelhibAnmol Publishers c1995 a261p aincludes index and biblioraphy2 aIndex aWomen-India